| 000 -LEADER |
| fixed length control field |
00692nam a2200205Ia 4500 |
| 001 - CONTROL NUMBER |
| control field |
2076 |
| 003 - CONTROL NUMBER IDENTIFIER |
| control field |
GE_BSU |
| 005 - DATE AND TIME OF LATEST TRANSACTION |
| control field |
20221011163408.0 |
| 008 - FIXED-LENGTH DATA ELEMENTS--GENERAL INFORMATION |
| fixed length control field |
181216s1969ru xx |||||||||||||| ||rus|| |
| 040 ## - CATALOGING SOURCE |
| Transcribing agency |
GE_BSU |
| 041 ## - LANGUAGE CODE |
| Language code of text/sound track or separate title |
rus |
| 080 ## - UNIVERSAL DECIMAL CLASSIFICATION NUMBER |
| Universal Decimal Classification number |
821.111.09 Ш-41 |
| 100 ## - MAIN ENTRY--PERSONAL NAME |
| Personal name |
Шведов,Ю. |
| 9 (RLIN) |
15261 |
| 245 ## - TITLE STATEMENT |
| Title |
Трагедия Шекспира +Отелло : |
| Remainder of title |
Мировая литература / |
| Statement of responsibility, etc. |
Ю. Шведов. |
| 264 ## - PRODUCTION, PUBLICATION, DISTRIBUTION, MANUFACTURE, AND COPYRIGHT NOTICE |
| Place of production, publication, distribution, manufacture |
Москва : |
| Name of producer, publisher, distributor, manufacturer |
Высшая школа, |
| Date of production, publication, distribution, manufacture, or copyright notice |
1969. |
| 300 ## - PHYSICAL DESCRIPTION |
| Extent |
103 стр. : |
| Other physical details |
19 см. |
| 653 ## - INDEX TERM--UNCONTROLLED |
| keyword |
Трагедия Шекспира +Отелло |
| 653 ## - INDEX TERM--UNCONTROLLED |
| keyword |
შექსპირის ტრაგედია + ოტელო |
| 942 ## - ADDED ENTRY ELEMENTS (KOHA) |
| Koha item type |
წიგნი |
| Source of classification or shelving scheme |
|